[Event "EYCC 2017"]
[Site "Mamaia"]
[Date "2017.09.08"]
[Round "4"]
[White "Bronstein, Or"]
[Black "Fakhrutdinov, Timur"]
[Result "0-1"]
[WhiteElo "2308"]
[BlackElo "2441"]
[Annotator "TA"]
[PlyCount "84"]
[EventDate "2017.??.??"]
[EventType "swiss"]
[EventCountry "ROU"]
[SourceTitle "playchess.com"]
[Source "ChessBase"]
[SourceQuality "1"]

1. d4 Nf6 2. c4 e6 3. Nf3 d5 4. Nc3 dxc4 5. e3 a6 6. Bxc4 b5 7. Bd3 Bb7 8. O-O Nbd7 9. Qe2 c5 10. Rd1 Qb8 11. a4 b4 12. Nb1 Bd6 13. Nbd2 O-O 14. h3 a5 15. Re1 cxd4 16. exd4 Bf4 17. Nc4 Bd5 18. Nfe5 Bxc1 19. Raxc1 Nxe5 20. Nxe5 Qb6 21. Rc5 Qd6 22. Qc2 g6 23. Bb5 Bb7 24. Bc6 Bxc6 25. Nxc6 Ra6 26. Nxa5 Rfa8 27. Nb7 Qxd4 28. Rc4 Qd5 29. Rxb4 Rc6 30. Qe2 Rc7 31. Rd1 Qc6 32. Nd6 Nd5 33. Ne4 Nxb4 34. Nf6+ Kf8 35. Qe5 Nd5 36. Ng4 Rxa4 37. Qh8+ Ke7 38. Nh6 Qe8 39. Ng8+ Kd6 40. Rxd5+ exd5 41. Qf6+ Qe6 42. Qd8+ Kc6 0-1

[Event "EYCC 2017"]
[Site "Mamaia"]
[Date "2017.09.08"]
[Round "4"]
[White "Szpar, Milosz"]
[Black "Gaifullin, Artur"]
[Result "1-0"]
[WhiteElo "2308"]
[BlackElo "2413"]
[Annotator "TA"]
[PlyCount "57"]
[EventDate "2017.??.??"]
[EventType "swiss"]
[EventCountry "ROU"]
[SourceTitle "playchess.com"]
[Source "ChessBase"]
[SourceQuality "1"]

1. e4 g6 2. d4 Bg7 3. Nc3 d6 4. Be3 a6 5. Qd2 Nd7 6. O-O-O b5 7. h4 h5 8. f3 Bb7 9. Nh3 Rc8 10. Ng5 c5 11. dxc5 Nxc5 12. Kb1 Nd7 13. Bd4 Ngf6 14. a3 O-O 15. g4 Ne5 16. gxh5 Nxh5 17. f4 Ng3 18. Qg2 Nxh1 19. fxe5 dxe5 20. Be3 Qa5 21. Qxh1 Rxc3 22. bxc3 Qxc3 23. h5 Rc8 24. Bd3 b4 25. axb4 Bd5 26. hxg6 Bb3 27. Bc5 Rxc5 28. bxc5 f6 29. Bc4+ 1-0

[Event "EYCC 2017"]
[Site "Mamaia"]
[Date "2017.09.08"]
[Round "4"]
[White "Yayloyan, Konstantin"]
[Black "Deac, Bogdan-Daniel"]
[Result "0-1"]
[WhiteElo "2142"]
[BlackElo "2559"]
[Annotator "TA"]
[PlyCount "88"]
[EventDate "2017.??.??"]
[EventType "swiss"]
[EventCountry "ROU"]
[SourceTitle "playchess.com"]
[Source "ChessBase"]
[SourceQuality "1"]

1. e4 c5 2. Nf3 e6 3. d4 cxd4 4. Nxd4 a6 5. Nc3 b5 6. Bd3 Qb6 7. Nf3 Qc7 8. O-O Bb7 9. Re1 Nc6 10. Bd2 Nf6 11. e5 Ng4 12. Bf4 b4 13. Ne4 f5 14. Nd6+ Bxd6 15. exd6 Qb6 16. Qd2 O-O 17. h3 Nf6 18. Be3 Qd8 19. Bc5 Qa5 20. Be3 Qd5 21. Bf1 a5 22. c4 bxc3 23. bxc3 Ba6 24. Qxd5 exd5 25. Red1 Ne4 26. Rac1 Bc4 27. Bxc4 dxc4 28. Nd2 Nxd2 29. Bxd2 Rab8 30. Rb1 Rxb1 31. Rxb1 Rb8 32. Rxb8+ Nxb8 33. a4 Nc6 34. Be3 Nd8 35. Kf1 Kf7 36. Ke2 Ke6 37. Bb6 Nb7 38. Ke3 Kxd6 39. Kd4 Kc6 40. Ba7 d5 41. g4 fxg4 42. hxg4 g5 43. f3 h6 44. Bb8 Nc5 0-1

[Event "EYCC 2017"]
[Site "Mamaia"]
[Date "2017.09.09"]
[Round "5"]
[White "Deac, Bogdan-Daniel"]
[Black "Morozov, Nichita"]
[Result "1/2-1/2"]
[WhiteElo "2559"]
[BlackElo "2461"]
[Annotator "TA"]
[PlyCount "40"]
[EventDate "2017.??.??"]
[EventType "swiss"]
[EventCountry "ROU"]
[SourceTitle "playchess.com"]
[Source "ChessBase"]
[SourceQuality "1"]

1. e4 e5 2. Nf3 Nc6 3. Bc4 Bc5 4. d3 Nf6 5. a4 O-O 6. O-O h6 7. c3 a5 8. d4 Bb6 9. dxe5 Nxe4 10. Bd5 Nxf2 11. Rxf2 d6 12. Bxc6 bxc6 13. exd6 Bg4 14. d7 Rb8 15. Na3 Bxf2+ 16. Kxf2 Bxf3 17. Kxf3 Qf6+ 18. Kg3 Rfd8 19. h3 Qe7 20. Qf3 Rxd7 1/2-1/2

[Event "EYCC 2017"]
[Site "Mamaia"]
[Date "2017.09.09"]
[Round "5"]
[White "Santos Ruiz, Miguel"]
[Black "Haldorsen, Benjamin"]
[Result "1-0"]
[WhiteElo "2505"]
[BlackElo "2397"]
[Annotator "TA"]
[PlyCount "83"]
[EventDate "2017.??.??"]
[EventType "swiss"]
[EventCountry "ROU"]
[SourceTitle "playchess.com"]
[Source "ChessBase"]
[SourceQuality "1"]

1. c4 e6 2. Nc3 d5 3. d4 Nf6 4. cxd5 exd5 5. Bg5 c6 6. e3 Be7 7. Bd3 Nbd7 8. h3 g6 9. Bf4 Nb6 10. Nf3 Nh5 11. Be5 f6 12. Bh2 Bd6 13. Bxd6 Qxd6 14. Qb3 Qe7 15. O-O Be6 16. a4 Nc8 17. a5 Nd6 18. a6 b6 19. Rac1 O-O 20. Na2 Rac8 21. Nb4 Qd7 22. Qa4 b5 23. Qd1 Ne4 24. Nxc6 Nd6 25. Nb4 Rxc1 26. Qxc1 Rc8 27. Qb1 Qc7 28. Qa2 Nc4 29. Be2 Ng7 30. Rc1 Qe7 31. Nd3 g5 32. b3 Nd6 33. Rxc8+ Bxc8 34. Nb4 Be6 35. Qc2 h5 36. Qc5 g4 37. hxg4 hxg4 38. Nxd5 Qf7 39. Qxd6 Bxd5 40. Qd8+ Ne8 41. Bxb5 gxf3 42. Bxe8 1-0

[Event "EYCC 2017"]
[Site "Mamaia"]
[Date "2017.09.09"]
[Round "5"]
[White "Hakobyan, Aram"]
[Black "Vrolijk, Liam"]
[Result "1-0"]
[WhiteElo "2472"]
[BlackElo "2418"]
[Annotator "TA"]
[PlyCount "93"]
[EventDate "2017.??.??"]
[EventType "swiss"]
[EventCountry "ROU"]
[SourceTitle "playchess.com"]
[Source "ChessBase"]
[SourceQuality "1"]

1. d4 Nf6 2. c4 g6 3. Nf3 Bg7 4. g3 O-O 5. Bg2 d6 6. O-O Nc6 7. Nc3 a6 8. Bd2 Rb8 9. Rc1 Bd7 10. d5 Na5 11. b3 c5 12. dxc6 Nxc6 13. a4 Nb4 14. Bf4 Qa5 15. c5 e5 16. Bg5 e4 17. Nd2 d5 18. Bxf6 Bxf6 19. Ndxe4 dxe4 20. Nxe4 Bb2 21. Rb1 Bf5 22. Rxb2 Bxe4 23. Bxe4 Qxc5 24. Rd2 b5 25. a5 Rfe8 26. Bf3 Rbc8 27. Rd7 Qc3 28. Qb1 Red8 29. Rxd8+ Rxd8 30. Rc1 Qd2 31. Kg2 Nd5 32. Qa1 b4 33. Rc4 Nc3 34. Rxb4 Nxe2 35. Qf6 Rf8 36. Rb7 Nc1 37. Qf4 Qxf4 38. gxf4 Nd3 39. Rb6 Rc8 40. Rc6 Rb8 41. Rb6 Rc8 42. Bb7 Rc3 43. Bxa6 Nxf4+ 44. Kg1 Rc1+ 45. Bf1 g5 46. a6 Ra1 47. Rb4 1-0

[Event "EYCC 2017"]
[Site "Mamaia"]
[Date "2017.09.09"]
[Round "5"]
[White "Livaic, Leon"]
[Black "Martirosyan, Haik M"]
[Result "0-1"]
[WhiteElo "2461"]
[BlackElo "2570"]
[Annotator "TA"]
[PlyCount "56"]
[EventDate "2017.??.??"]
[EventType "swiss"]
[EventCountry "ROU"]
[SourceTitle "playchess.com"]
[Source "ChessBase"]
[SourceQuality "1"]

1. d4 d6 2. e4 Nf6 3. Nc3 Nbd7 4. Nf3 e5 5. g3 g6 6. Bg2 Bg7 7. O-O O-O 8. h3 c6 9. a4 Qc7 10. Be3 b6 11. Qd2 a6 12. Bh6 Bb7 13. Bxg7 Kxg7 14. Nh4 b5 15. Kh2 exd4 16. Qxd4 c5 17. Qd2 b4 18. Nd5 Bxd5 19. exd5 a5 20. Qg5 Kh8 21. Rae1 Rae8 22. Nf3 Qd8 23. Qh6 Kg8 24. Ng5 Rxe1 25. Rxe1 Re8 26. Rxe8+ Qxe8 27. Be4 Nf8 28. Qh4 h6 0-1

[Event "EYCC 2017"]
[Site "Mamaia"]
[Date "2017.09.09"]
[Round "5"]
[White "Kevlishvili, Robby"]
[Black "Szpar, Milosz"]
[Result "1/2-1/2"]
[WhiteElo "2450"]
[BlackElo "2308"]
[Annotator "TA"]
[PlyCount "123"]
[EventDate "2017.??.??"]
[EventType "swiss"]
[EventCountry "ROU"]
[SourceTitle "playchess.com"]
[Source "ChessBase"]
[SourceQuality "1"]

1. e4 d6 2. d4 Nf6 3. Nc3 e5 4. Nf3 Nbd7 5. Bc4 Be7 6. a4 O-O 7. O-O c6 8. Re1 b6 9. d5 cxd5 10. Bxd5 Nxd5 11. Nxd5 Bb7 12. b3 Rc8 13. c4 Bxd5 14. Qxd5 Qc7 15. Ba3 Rfd8 16. Qd1 a6 17. Nd2 Qb7 18. Qe2 Rb8 19. Nb1 Nc5 20. Bxc5 bxc5 21. Nd2 Bg5 22. Nf3 Be7 23. Rab1 Qc7 24. Rb2 Rb6 25. Reb1 Rdb8 26. Nd2 Bg5 27. Nf1 g6 28. Qg4 Bf4 29. g3 Bh6 30. h4 Qc8 31. Qe2 Qe6 32. Nh2 f5 33. Kg2 Kg7 34. Qd3 Rb4 35. Re2 f4 36. Reb2 Kg8 37. Qe2 Bg7 38. Nf3 Bh6 39. Nh2 Bg7 40. Qd1 Bf6 41. Nf3 h6 42. Nh2 Be7 43. Rd2 Kg7 44. Rd3 g5 45. h5 Qd7 46. Nf3 Qe6 47. Nd2 Rf8 48. Nf1 Rf7 49. f3 Rb8 50. g4 Rb4 51. Nd2 Bf8 52. Ra1 Qc8 53. Nb1 Qb8 54. Ra3 Rfb7 55. Kf2 Kf7 56. Ke2 Be7 57. Rc3 Kf6 58. Kd3 Bd8 59. Kc2 Ba5 60. Qd5 R4b6 61. Rd3 Ke7 62. Kb2 1/2-1/2

[Event "EYCC 2017"]
[Site "Mamaia"]
[Date "2017.09.09"]
[Round "5"]
[White "Fakhrutdinov, Timur"]
[Black "Salemgareev, Tagir"]
[Result "1/2-1/2"]
[WhiteElo "2441"]
[BlackElo "2354"]
[Annotator "TA"]
[PlyCount "133"]
[EventDate "2017.??.??"]
[EventType "swiss"]
[EventCountry "ROU"]
[SourceTitle "playchess.com"]
[Source "ChessBase"]
[SourceQuality "1"]

1. e4 c5 2. Nf3 Nc6 3. d4 cxd4 4. Nxd4 g6 5. Nc3 Bg7 6. Be3 Nf6 7. Bc4 O-O 8. Bb3 a5 9. O-O a4 10. Nxa4 Nxe4 11. Re1 d5 12. f3 Nd6 13. c3 e6 14. Nxc6 bxc6 15. Bd4 Bh6 16. Qe2 Nf5 17. Bb6 Qg5 18. Bc2 Bg7 19. Qf2 Re8 20. f4 Qe7 21. Bc5 Nd6 22. Nb6 Rb8 23. a4 Ba6 24. a5 Qc7 25. Qf3 Nb7 26. Bf2 c5 27. b3 d4 28. cxd4 cxd4 29. Bd3 Bxd3 30. Qxd3 Nxa5 31. Rxa5 Qxb6 32. Ra4 Red8 33. Rb1 Qc7 34. Rc4 Qb7 35. b4 Rbc8 36. b5 Rxc4 37. Qxc4 d3 38. b6 d2 39. Rd1 Rc8 40. Qd3 Bc3 41. Be3 Ba5 42. Qd6 Qb8 43. Qxb8 Rxb8 44. Kf2 Bxb6 45. Bxb6 Rxb6 46. Rxd2 Rb7 47. Rd3 Kg7 48. Kf3 f6 49. h4 h5 50. g4 hxg4+ 51. Kxg4 Kf7 52. Ra3 Rd7 53. Ra8 e5 54. fxe5 Rd4+ 55. Kg3 fxe5 56. Ra6 Rf4 57. Rb6 Rf6 58. Rb7+ Ke6 59. Kg4 Kd5 60. Rb5+ Kd4 61. Rb4+ Kd3 62. Rb3+ Kc4 63. Ra3 e4 64. Kg5 Rf3 65. Ra1 e3 66. Kxg6 e2 67. Re1 1/2-1/2

[Event "EYCC 2017"]
[Site "Mamaia"]
[Date "2017.09.09"]
[Round "5"]
[White "Plenca, Jadranko"]
[Black "Tica, Sven"]
[Result "1/2-1/2"]
[WhiteElo "2440"]
[BlackElo "2389"]
[Annotator "TA"]
[PlyCount "51"]
[EventDate "2017.??.??"]
[EventType "swiss"]
[EventCountry "ROU"]
[SourceTitle "playchess.com"]
[Source "ChessBase"]
[SourceQuality "1"]

1. e4 c6 2. d4 d5 3. Nc3 dxe4 4. Nxe4 Nd7 5. Bc4 Ngf6 6. Nxf6+ Nxf6 7. c3 e6 8. Nf3 Be7 9. O-O O-O 10. Bf4 b5 11. Bd3 a5 12. Ne5 Bb7 13. Qf3 Qd5 14. Qxd5 Nxd5 15. Bg3 Rfd8 16. Rfd1 g6 17. Be2 Rac8 18. a3 a4 19. Nd3 c5 20. Nxc5 Bxc5 21. dxc5 Rxc5 22. Be5 Ba6 23. Rd2 Rcc8 24. Rad1 Rd7 25. h4 Rcd8 26. g3 1/2-1/2

[Event "EYCC 2017"]
[Site "Mamaia"]
[Date "2017.09.09"]
[Round "5"]
[White "Ozenir, Ekin Baris"]
[Black "Globus, Or"]
[Result "1/2-1/2"]
[WhiteElo "2422"]
[BlackElo "2271"]
[Annotator "TA"]
[PlyCount "44"]
[EventDate "2017.??.??"]
[EventType "swiss"]
[EventCountry "ROU"]
[SourceTitle "playchess.com"]
[Source "ChessBase"]
[SourceQuality "1"]

1. d4 Nf6 2. Bg5 d5 3. Bxf6 gxf6 4. e3 c5 5. Nc3 Nc6 6. Nge2 cxd4 7. exd4 e5 8. Qd2 Be6 9. O-O-O Qa5 10. Kb1 O-O-O 11. f4 Bc5 12. fxe5 fxe5 13. dxc5 d4 14. Qg5 h6 15. Qh5 dxc3 16. Rxd8+ Rxd8 17. Nxc3 Qxc5 18. Bd3 Qf2 19. Qxh6 Qxg2 20. Be4 Qd2 21. Qh5 Qf4 22. Re1 Nd4 1/2-1/2

[Event "EYCC 2017"]
[Site "Mamaia"]
[Date "2017.09.09"]
[Round "5"]
[White "Gaifullin, Artur"]
[Black "Sakulo, Denis"]
[Result "1-0"]
[WhiteElo "2413"]
[BlackElo "2061"]
[Annotator "TA"]
[PlyCount "71"]
[EventDate "2017.??.??"]
[EventType "swiss"]
[EventCountry "ROU"]
[SourceTitle "playchess.com"]
[Source "ChessBase"]
[SourceQuality "1"]

1. Nf3 d5 2. c4 e6 3. e3 Nf6 4. Nc3 Be7 5. b3 O-O 6. Bb2 b6 7. Qc2 Bb7 8. cxd5 exd5 9. d4 c5 10. Rd1 Nbd7 11. Bd3 Re8 12. O-O g6 13. Rfe1 Rc8 14. dxc5 Nxc5 15. Bb5 Rf8 16. Qb1 Qc7 17. Rc1 a6 18. Bf1 Qb8 19. Qa1 Nfe4 20. Nxe4 dxe4 21. Ne5 f6 22. b4 b5 23. bxc5 fxe5 24. Bxe5 Qa8 25. a4 Bc6 26. Red1 Rcd8 27. Bd6 Bf6 28. Qb1 Rf7 29. axb5 axb5 30. Bxb5 Kg7 31. g3 Rc8 32. Bxc6 Qxc6 33. Qa2 Rb7 34. Qd5 Qxd5 35. Rxd5 Rc6 36. Rc4 1-0

[Event "EYCC 2017"]
[Site "Mamaia"]
[Date "2017.09.09"]
[Round "5"]
[White "Warmerdam, Max"]
[Black "Yayloyan, Konstantin"]
[Result "0-1"]
[WhiteElo "2399"]
[BlackElo "2142"]
[Annotator "TA"]
[PlyCount "70"]
[EventDate "2017.??.??"]
[EventType "swiss"]
[EventCountry "ROU"]
[SourceTitle "playchess.com"]
[Source "ChessBase"]
[SourceQuality "1"]

1. e4 c5 2. Nf3 d6 3. d4 cxd4 4. Nxd4 Nf6 5. Nc3 Bd7 6. f3 e5 7. Nb3 Be7 8. Be3 O-O 9. Qd2 a5 10. a4 Na6 11. O-O-O Nb4 12. g4 Be6 13. Kb1 Rc8 14. g5 Nd7 15. f4 exf4 16. Bxf4 Ne5 17. h4 Qc7 18. Qg2 Rfd8 19. Nd4 Bg4 20. Rd2 Qb6 21. Qg3 Bf3 22. Bxe5 dxe5 23. Nxf3 Rxc3 24. Qxe5 Rxc2 25. Rxc2 Rd1+ 26. Rc1 Rxc1+ 27. Kxc1 Qe3+ 28. Kd1 Qxf3+ 29. Kd2 Bf8 30. Bc4 Qg2+ 31. Ke3 Qxh1 32. Qf5 Bc5+ 33. Ke2 Qg2+ 34. Kd1 Qc2+ 35. Ke1 Qc1+ 0-1

[Event "EYCC 2017"]
[Site "Mamaia"]
[Date "2017.09.09"]
[Round "5"]
[White "Parkhov, Yair"]
[Black "Gatineau, Yovann"]
[Result "1-0"]
[WhiteElo "2391"]
[BlackElo "2277"]
[Annotator "TA"]
[PlyCount "67"]
[EventDate "2017.??.??"]
[EventType "swiss"]
[EventCountry "ROU"]
[SourceTitle "playchess.com"]
[Source "ChessBase"]
[SourceQuality "1"]

1. d4 Nf6 2. c4 g6 3. Nc3 d5 4. cxd5 Nxd5 5. e4 Nxc3 6. bxc3 Bg7 7. Nf3 c5 8. Rb1 O-O 9. Be2 Nc6 10. d5 Ne5 11. Nxe5 Bxe5 12. c4 Qa5+ 13. Bd2 Qxa2 14. O-O f5 15. Be3 fxe4 16. Bxc5 Rf7 17. Be3 a5 18. c5 a4 19. Rb4 Qa3 20. Rxe4 Bf6 21. Bb5 Bf5 22. Rxa4 Rxa4 23. Qxa4 Qxa4 24. Bxa4 Rf8 25. Bb5 Ra8 26. h3 Kf7 27. Rd1 Bc2 28. Rc1 Be4 29. Bc4 Bb2 30. Rd1 Ra1 31. Rxa1 Bxa1 32. f3 Bf5 33. g4 Bd7 34. c6 1-0

[Event "EYCC 2017"]
[Site "Mamaia"]
[Date "2017.09.09"]
[Round "5"]
[White "Kharitonov, Egor"]
[Black "Popov, Konstantin"]
[Result "1/2-1/2"]
[WhiteElo "2387"]
[BlackElo "2141"]
[Annotator "TA"]
[PlyCount "96"]
[EventDate "2017.??.??"]
[EventType "swiss"]
[EventCountry "ROU"]
[SourceTitle "playchess.com"]
[Source "ChessBase"]
[SourceQuality "1"]

1. d4 d5 2. c4 c6 3. Nf3 Nf6 4. Qc2 dxc4 5. Qxc4 Bg4 6. Nbd2 Nbd7 7. g3 e6 8. Bg2 Be7 9. O-O O-O 10. e3 Rc8 11. b4 a5 12. a3 Qb6 13. Ne5 axb4 14. Nxg4 Nxg4 15. Rb1 e5 16. d5 Ngf6 17. dxc6 Nb8 18. axb4 Nxc6 19. b5 Nb4 20. Qe2 Nbd5 21. Bb2 Nc3 22. Bxc3 Rxc3 23. Rfc1 Rfc8 24. Rxc3 Rxc3 25. Ne4 Rc8 26. Nxf6+ Bxf6 27. Qf3 Rb8 28. Qd5 g6 29. Rc1 Qd8 30. Qb3 b6 31. Bd5 Qd7 32. Rc6 Bd8 33. Qc4 Rb7 34. Rc8 Rc7 35. Bxf7+ Kg7 36. Rxc7 Qxc7 37. Qd5 Be7 38. Be8 Bd6 39. Kg2 Qe7 40. Bc6 Bc7 41. h4 Qf7 42. Qd1 Qf5 43. Qd5 Qf7 44. Qxf7+ Kxf7 45. Kf3 Kf6 46. Ke4 Bd6 47. f4 exf4 48. gxf4 Bb4 1/2-1/2

[Event "EYCC 2017"]
[Site "Mamaia"]
[Date "2017.09.09"]
[Round "5"]
[White "Pultinevicius, Paulius"]
[Black "Van Foreest, Lucas"]
[Result "1/2-1/2"]
[WhiteElo "2381"]
[BlackElo "2485"]
[Annotator "TA"]
[PlyCount "119"]
[EventDate "2017.??.??"]
[EventType "swiss"]
[EventCountry "ROU"]
[SourceTitle "playchess.com"]
[Source "ChessBase"]
[SourceQuality "1"]

1. e4 c5 2. Ne2 Nc6 3. Nbc3 g6 4. d4 cxd4 5. Nxd4 Bg7 6. Be3 Nf6 7. Bc4 O-O 8. f3 Qb6 9. Bb3 Nxe4 10. Nd5 Qa5+ 11. c3 Bxd4 12. Bxd4 Nc5 13. Bc4 Ne6 14. Be3 d6 15. Qd2 Ng7 16. h4 h5 17. O-O-O Be6 18. g4 Rfe8 19. gxh5 Nxh5 20. Bb3 Rac8 21. Rhg1 Ne5 22. Qg2 Nf6 23. f4 Nxd5 24. Bxd5 Rxc3+ 25. Kb1 Bf5+ 26. Be4 Nc4 27. Bd4 Rh3 28. Ka1 Ne3 29. Bxe3 Rxe3 30. Bxf5 Qxf5 31. Qxb7 a5 32. Rg5 Qc2 33. Rh1 Rh3 34. h5 Rc8 35. Rgg1 Rxh1 36. Qxh1 Kg7 37. hxg6 fxg6 38. a3 Rf8 39. Qh4 Rf6 40. Re1 Qc7 41. f5 gxf5 42. Qg5+ Kf8 43. Rc1 Qb7 44. Qh5 Qd5 45. Rc8+ Kg7 46. Qh8+ Kg6 47. Rg8+ Kf7 48. Rf8+ Kg6 49. Rg8+ Kf7 50. Rg7+ Ke6 51. Qc8+ Ke5 52. Qc3+ Ke6 53. Qc8+ Ke5 54. Rxe7+ Re6 55. Qc3+ Kf4 56. Qc1+ Ke5 57. Qc3+ Kf4 58. Qc1+ Ke5 59. Rf7 Qd4 60. Qe1+ 1/2-1/2

[Event "EYCC 2017"]
[Site "Mamaia"]
[Date "2017.09.09"]
[Round "5"]
[White "Engel, Luis"]
[Black "Stefan, Victor"]
[Result "1-0"]
[WhiteElo "2363"]
[BlackElo "2020"]
[Annotator "TA"]
[PlyCount "165"]
[EventDate "2017.??.??"]
[EventType "swiss"]
[EventCountry "ROU"]
[SourceTitle "playchess.com"]
[Source "ChessBase"]
[SourceQuality "1"]

1. e4 c6 2. d4 d5 3. exd5 cxd5 4. Bd3 Nc6 5. c3 Nf6 6. h3 g6 7. Nf3 Bg7 8. Bf4 Bf5 9. Bxf5 gxf5 10. O-O e6 11. Ne5 Qb6 12. Nd3 Nd7 13. Nd2 Na5 14. Qa4 a6 15. Nf3 Qb5 16. Qd1 O-O 17. Re1 Rfe8 18. Rb1 Nc6 19. Qd2 Qa5 20. Bh6 Qd8 21. Bxg7 Kxg7 22. Qf4 Rg8 23. Re3 Ne7 24. Nfe5 Ng6 25. Rg3 Nf6 26. Nxg6 hxg6 27. Re3 Rc8 28. Nc5 Qc7 29. Qg5 Ne4 30. Nxe4 dxe4 31. Ree1 Qc4 32. a3 b5 33. Qg3 Qd5 34. f3 exf3 35. Qxf3 Qxf3 36. gxf3 Kf6 37. Kf2 Rh8 38. Kg3 g5 39. Re5 Rc6 40. Rbe1 Rd8 41. Rh1 Rh8 42. Rh2 Kg6 43. Rd2 Rd8 44. Rde2 Rdd6 45. h4 f6 46. Rc5 f4+ 47. Kh3 Rxc5 48. dxc5 Rc6 49. b4 gxh4 50. Kg4 e5 51. Rc2 Rc8 52. c4 f5+ 53. Kh3 e4 54. cxb5 axb5 55. a4 bxa4 56. c6 e3 57. b5 a3 58. b6 a2 59. Rxa2 Rxc6 60. b7 Rb6 61. Ra6 Rxa6 62. b8=Q Re6 63. Qb3 Kf7 64. Qb7+ Kg6 65. Qd7 Kf6 66. Qd4+ Kg6 67. Qc4 Kf7 68. Qe2 Rh6 69. Kg2 Re6 70. Kh2 Ke7 71. Kh3 Rh6 72. Qe1 Ke8 73. Qb1 Re6 74. Qxf5 Ke7 75. Qh7+ Kd6 76. Qd3+ Ke7 77. Qe2 Rh6 78. Qe1 Kf7 79. Qb4 Rf6 80. Kxh4 Ke8 81. Kg5 Re6 82. Qc4 Kd7 83. Qe2 1-0

[Event "EYCC 2017"]
[Site "Mamaia"]
[Date "2017.09.09"]
[Round "5"]
[White "Garcia Martin, Marta"]
[Black "Gueci, Tea"]
[Result "1-0"]
[WhiteElo "2360"]
[BlackElo "2181"]
[Annotator "TA"]
[PlyCount "101"]
[EventDate "2017.??.??"]
[EventType "swiss"]
[EventCountry "ROU"]
[SourceTitle "playchess.com"]
[Source "ChessBase"]
[SourceQuality "1"]

1. e4 c5 2. Nf3 e6 3. c3 d5 4. exd5 Qxd5 5. Na3 Nf6 6. Bc4 Qe4+ 7. Be2 Be7 8. O-O O-O 9. Re1 Nbd7 10. d4 Rd8 11. Ng5 Qc6 12. Bf3 Qa6 13. Qb3 Nb6 14. dxc5 Bxc5 15. Nb5 Nbd5 16. c4 Qb6 17. cxd5 Bxf2+ 18. Kf1 Bxe1 19. Be3 Qa5 20. Rxe1 Nxd5 21. Bd4 Bd7 22. Na3 Bc6 23. Be4 h6 24. Nf3 Ba4 25. Qc4 Rac8 26. Qe2 Nf4 27. Qe3 Nd5 28. Qf2 f5 29. Qg3 Rd7 30. Bb1 Nc7 31. Kg1 Rcd8 32. Bc3 Qb6+ 33. Kh1 Qd6 34. Ne5 Re7 35. Nac4 Qa6 36. Bb4 Red7 37. Nxd7 Qxc4 38. Nf6+ Kf7 39. Nh5 g6 40. Bc3 Rd1 41. Rxd1 Bxd1 42. Bd3 Qc6 43. Nf6 b5 44. Qe5 b4 45. Bxb4 Qc1 46. Be1 g5 47. Qc3 Qe3 48. Qxc7+ Kxf6 49. Bc3+ Kg6 50. Qg3 Qc1 51. Qe1 1-0

[Event "EYCC 2017"]
[Site "Mamaia"]
[Date "2017.09.09"]
[Round "5"]
[White "Suleymanli, Aydin"]
[Black "Chyzy, Jakub"]
[Result "1/2-1/2"]
[WhiteElo "2351"]
[BlackElo "2060"]
[Annotator "TA"]
[PlyCount "154"]
[EventDate "2017.??.??"]
[EventType "swiss"]
[EventCountry "ROU"]
[SourceTitle "playchess.com"]
[Source "ChessBase"]
[SourceQuality "1"]

1. d4 d5 2. c4 e6 3. Nc3 Nf6 4. Bg5 Be7 5. cxd5 exd5 6. Qc2 O-O 7. e3 Nbd7 8. Bd3 Re8 9. Nge2 Nf8 10. O-O a6 11. f3 Be6 12. Rad1 Rc8 13. Kh1 N6d7 14. Bf4 c5 15. Bf5 b5 16. dxc5 Rxc5 17. Qd3 Nb6 18. Nd4 Nc4 19. Rb1 g6 20. Bxe6 fxe6 21. Bg3 Bf6 22. b3 Nb6 23. f4 Nfd7 24. h3 Rc8 25. Qd2 Nc5 26. a3 Qe7 27. Bh2 Bg7 28. Rfd1 Nbd7 29. b4 Nb7 30. e4 Nb6 31. exd5 exd5 32. Re1 Qf6 33. Re5 Nc4 34. Qd3 Nxe5 35. fxe5 Rxe5 36. Bxe5 Qxe5 37. Nde2 d4 38. Ne4 Re8 39. N2g3 Qc7 40. Qf3 Rf8 41. Qg4 Be5 42. Rf1 Rxf1+ 43. Nxf1 Qf7 44. Nfd2 Nd6 45. Nxd6 Bxd6 46. Qxd4 Bc7 47. Kg1 Qe6 48. Kf1 Bb6 49. Qe4 Kf7 50. Ke2 Qxe4+ 51. Nxe4 h6 52. Kd3 Ke6 53. Nc3 Ke5 54. a4 Bd4 55. Ne2 Ba1 56. axb5 axb5 57. Ke3 Kd5 58. Kd3 Be5 59. Nc1 Bd6 60. Na2 Ke5 61. Nc3 Bxb4 62. Nxb5 Kf4 63. g4 Kg3 64. Ke4 Kxh3 65. Kf3 Kh4 66. Nd4 Kg5 67. Ne6+ Kf6 68. Nf4 Bd6 69. g5+ hxg5 70. Nd5+ Kf5 71. Ne3+ Ke6 72. Ke4 Bf4 73. Ng4 Ke7 74. Nh6 Kd6 75. Nf7+ Kc5 76. Kf3 Kd5 77. Kg4 Ke6 1/2-1/2

[Event "EYCC 2017"]
[Site "Mamaia"]
[Date "2017.09.09"]
[Round "5"]
[White "Tomasi, Albert"]
[Black "Nalbant, Tuna Onat"]
[Result "1-0"]
[WhiteElo "2343"]
[BlackElo "1912"]
[Annotator "TA"]
[PlyCount "77"]
[EventDate "2017.??.??"]
[EventType "swiss"]
[EventCountry "ROU"]
[SourceTitle "playchess.com"]
[Source "ChessBase"]
[SourceQuality "1"]

1. e4 c5 2. Nf3 d6 3. d4 cxd4 4. Nxd4 Nf6 5. Nc3 a6 6. g3 e5 7. Nde2 Be7 8. Bg2 Be6 9. h3 Nbd7 10. g4 h6 11. O-O O-O 12. Be3 b5 13. Nd5 Bxd5 14. exd5 Qc7 15. Ng3 Rfc8 16. c3 Nb6 17. b3 a5 18. Qd3 Nbd7 19. Rac1 Rab8 20. f4 Nc5 21. Qd2 Qd8 22. g5 hxg5 23. fxg5 Nh7 24. h4 g6 25. b4 axb4 26. cxb4 Na4 27. Rc6 Qe8 28. Ne4 Rd8 29. Bh3 Rb7 30. h5 Kg7 31. Nf6 Bxf6 32. gxf6+ Kh8 33. Bh6 e4 34. Bg7+ Kg8 35. hxg6 fxg6 36. Be6+ Rf7 37. Qh6 e3 38. Kg2 e2 39. Qxh7+ 1-0

[Event "EYCC 2017"]
[Site "Mamaia"]
[Date "2017.09.09"]
[Round "5"]
[White "Badelka, Olga"]
[Black "Maltsevskaya, Aleksandra"]
[Result "1-0"]
[WhiteElo "2335"]
[BlackElo "2271"]
[Annotator "NA"]
[PlyCount "45"]
[EventDate "2017.??.??"]
[EventType "swiss"]
[EventCountry "ROU"]
[SourceTitle "playchess.com"]
[Source "ChessBase"]
[SourceQuality "1"]

1. c4 c6 2. e4 d5 3. exd5 cxd5 4. d4 Nf6 5. Nc3 Nc6 6. Bg5 Be6 7. Be2 g6 8. Bf3 Qb6 9. Bxf6 exf6 10. cxd5 Nxd4 11. dxe6 Qxb2 12. Qa4+ b5 13. Qxd4 Qxa1+ 14. Ke2 Qb2+ 15. Kd3 fxe6 16. Bxa8 Kf7 17. Nf3 b4 18. Nb5 Qxd4+ 19. Nbxd4 Bh6 20. Bc6 e5 21. Nb3 Rc8 22. Na5 e4+ 23. Kxe4 1-0

[Event "EYCC 2017"]
[Site "Mamaia"]
[Date "2017.09.09"]
[Round "5"]
[White "Radovic, Janko"]
[Black "Haria, Ravi"]
[Result "1/2-1/2"]
[WhiteElo "2330"]
[BlackElo "2398"]
[Annotator "TA"]
[PlyCount "77"]
[EventDate "2017.??.??"]
[EventType "swiss"]
[EventCountry "ROU"]
[SourceTitle "playchess.com"]
[Source "ChessBase"]
[SourceQuality "1"]

1. e4 e6 2. d4 d5 3. Nc3 Bb4 4. e5 Ne7 5. Bd2 b6 6. Nce2 Bxd2+ 7. Qxd2 Ba6 8. f4 c5 9. Nf3 Nbc6 10. c3 Rc8 11. O-O-O O-O 12. Kb1 Na5 13. Ng3 Bxf1 14. Rhxf1 Nc4 15. Qd3 b5 16. Ng5 g6 17. dxc5 b4 18. cxb4 Rb8 19. b3 Rxb4 20. Ka1 Na3 21. Rc1 Nc6 22. Qa6 Na5 23. f5 Qb8 24. Rfe1 Rxb3 25. axb3 Nxb3+ 26. Ka2 Nxc1+ 27. Rxc1 Nc4 28. Rc2 Qxe5 29. Nf3 Qf6 30. Qb7 gxf5 31. c6 Qd8 32. Qa6 Qd6 33. Nd2 Nb6 34. Qa3 Qc7 35. Nh5 f6 36. Qe3 e5 37. Qh6 Qf7 38. c7 Qg6 39. Nxf6+ 1/2-1/2